[Event "49th Biel Master Open"]
[Site "Biel SUI"]
[Date "2016.08.02"]
[Round "8.22"]
[White "Swayams, Mishra"]
[Black "Mroziak, Maciej"]
[Result "1/2-1/2"]
[WhiteTitle "IM"]
[WhiteElo "2457"]
[BlackElo "2306"]
[WhiteFideId "5028183"]
[BlackFideId "1139665"]
[EventDate "2016.07.25"]

1. d4 Nf6 2. c4 g6 3. Nc3 d5 4. e3 Bg7 5. cxd5 Nxd5 6. Nxd5 Qxd5 7. Ne2 O-O 8.
Nc3 Qd8 9. Be2 c6 10. f4 Be6 11. O-O Nd7 12. Kh1 Nb6 13. Ne4 Bc4 14. Bd2 Bxe2
15. Qxe2 Nd7 16. Rac1 Rc8 17. Bb4 Nf6 18. Nc5 Rc7 19. Rfd1 Qd5 20. e4 Qh5 21.
Qxh5 gxh5 22. g3 Rd8 23. e5 Ng4 24. Kg1 Ne3 25. Rd3 Nf5 26. Rcd1 b6 27. Nb3 Rcd7
28. R3d2 a5 29. Bc3 a4 30. Na1 e6 31. Nc2 Bf8 32. Kf2 b5 33. Ba5 Ra8 34. Bb4
Rad8 35. Ba5 Ra8 36. Bb4 Rad8 37. Bxf8 Kxf8 38. Kf3 a3 39. b4 Ra8 40. Rd3 Rda7
41. Rb1 Ke8 42. Rbb3 Ne7 43. Rxa3 Nd5 44. Rxa7 Rxa7 45. a3 f5 46. exf6 Nxf6 47.
Rc3 Kd7 48. Ne3 Kd6 49. h3 Rf7 50. g4 hxg4+ 51. hxg4 Rc7 52. g5 Nd5 53. Nxd5
Kxd5 54. Re3 Ra7 55. Kg3 Rg7 56. Re5+ Kd6 57. Kg4 Ra7 58. Re3 Kd5 59. Kh5 Rf7
60. Re5+ Kd6 61. Kh6 Kd7 62. Re3 Kd6 63. Re4 Kd5 64. Re5+ Kd6 65. Rc5 Kd7 66.
Rc2 Kd6 67. Re2 Kd5 68. Re1 Kd6 69. Re5 Kd7 70. Re4 Kd6 71. Kh5 Ra7 72. Re3 Rf7
73. Kg4 Ra7 74. Rh3 Kd5 75. Rc3 Kd6 76. Kf3 Kd5 77. Ke3 Ra8 78. Kd3 Ra7 79. Kc2
Rf7 80. Rh3 1/2-1/2

[Event "49th Biel Master Open"]
[Site "Biel SUI"]
[Date "2016.08.02"]
[Round "8.23"]
[White "Pfreundt, Jakob"]
[Black "Liang, Awonder"]
[Result "0-1"]
[BlackTitle "IM"]
[WhiteElo "2292"]
[BlackElo "2430"]
[WhiteFideId "12918156"]
[BlackFideId "2056437"]
[EventDate "2016.07.25"]

1. e4 c5 2. Nf3 Nc6 3. Nc3 d6 4. d4 cxd4 5. Nxd4 Nf6 6. Bg5 e6 7. Qd2 a6 8.
O-O-O Bd7 9. f3 Be7 10. h4 b5 11. Nxc6 Bxc6 12. Kb1 h6 13. Be3 Nd7 14. Ne2 Bb7
15. Nf4 Qc7 16. Nh5 Rg8 17. Bd4 e5 18. Bc3 Nb6 19. Ba5 Qc5 20. Ng3 g6 21. Rc1 h5
22. b3 d5 23. exd5 Qxd5 24. Qe1 Qe6 25. Rd1 f6 26. f4 Nd5 27. fxe5 Qxe5 28. Qxe5
fxe5 29. Re1 Kd7 30. c4 bxc4 31. Bxc4 Rgf8 32. Rd1 Ke6 33. Rd2 Rac8 34. Ne4 Rxc4
35. bxc4 Ne3 36. Ng5+ Bxg5 37. hxg5 Nxc4 38. Bb4 Nxd2+ 39. Bxd2 Bxg2 40. Re1 h4 0-1

[Event "49th Biel Master Open"]
[Site "Biel SUI"]
[Date "2016.08.03"]
[Round "9.1"]
[White "Shankland, Samuel L"]
[Black "Safarli, Eltaj"]
[Result "1/2-1/2"]
[WhiteTitle "GM"]
[BlackTitle "GM"]
[WhiteElo "2661"]
[BlackElo "2678"]
[WhiteFideId "2004887"]
[BlackFideId "13402129"]
[EventDate "2016.07.25"]

1. e4 c5 2. Nf3 e6 3. d4 cxd4 4. Nxd4 Nc6 5. Nc3 a6 6. Be3 Nf6 7. Qd2 Bb4 8. f3
d5 9. a3 Qa5 10. exd5 Nxd5 11. Nb3 Bxc3 12. Nxa5 Bxd2+ 13. Bxd2 Nxa5 14. Bxa5
Ne3 15. Kf2 Nxf1 16. Rhxf1 O-O 17. Rfd1 e5 18. Rd6 Bf5 19. c4 1/2-1/2

[Event "49th Biel Master Open"]
[Site "Biel SUI"]
[Date "2016.08.03"]
[Round "9.2"]
[White "Salem, A.R. Saleh"]
[Black "Sasikiran, Krishnan"]
[Result "1/2-1/2"]
[WhiteTitle "GM"]
[BlackTitle "GM"]
[WhiteElo "2608"]
[BlackElo "2639"]
[WhiteFideId "9301348"]
[BlackFideId "5004985"]
[EventDate "2016.07.25"]

1. e4 e5 2. Nf3 Nc6 3. Bb5 Nf6 4. d3 d6 5. c3 g6 6. O-O Bg7 7. Re1 O-O 8. Nbd2
a6 9. Ba4 b5 10. Bc2 Re8 11. a4 b4 12. a5 Rb8 13. Ba4 Bd7 14. c4 Ne7 15. c5 Bxa4
16. Qxa4 Rb5 17. cxd6 cxd6 18. Nc4 d5 19. Ncxe5 Nd7 20. Nxd7 Qxd7 21. exd5 1/2-1/2

[Event "49th Biel Master Open"]
[Site "Biel SUI"]
[Date "2016.08.03"]
[Round "9.3"]
[White "Baklan, Vladimir"]
[Black "Henrichs, Thomas"]
[Result "1-0"]
[WhiteTitle "GM"]
[BlackTitle "IM"]
[WhiteElo "2618"]
[BlackElo "2471"]
[WhiteFideId "14102196"]
[BlackFideId "4626605"]
[EventDate "2016.07.25"]

1. e4 e5 2. Nf3 Nc6 3. Bb5 a6 4. Ba4 Nf6 5. O-O Be7 6. Re1 b5 7. Bb3 d6 8. a4
Bd7 9. c3 O-O 10. d4 h6 11. h3 Re8 12. Nbd2 Bf8 13. Bc2 exd4 14. Nxd4 Ne5 15. f4
Ng6 16. N2f3 c5 17. Nf5 Bc6 18. Ng3 Qb8 19. Kh2 Qb7 20. f5 Ne5 21. Nxe5 dxe5 22.
Nh5 Be7 23. Re3 Rad8 24. Qe2 Nxh5 25. Qxh5 Bg5 26. Rg3 Bxc1 27. Rxc1 Rd6 28.
axb5 axb5 29. Rd1 Rf6 30. Qg4 g6 31. Rf1 Rf8 32. Qh5 Kh7 33. fxg6+ fxg6 34. Rxf6
gxh5 35. Rxf8 Qe7 36. Rf2 Be8 37. Rd2 h4 38. Rf3 c4 39. Rff2 Bc6 40. Rf5 Bd7 41.
Rf1 Be6 42. Kh1 Kg6 43. Bd1 h5 44. Rdf2 Kg5 45. Rf8 Qd6 46. R8f2 Qd3 47. Bf3 Qe3
48. Re2 Qd3 49. Kh2 Bg4 50. Ree1 Qd2 51. hxg4 hxg4 52. Be2 Qe3 53. Kh1 Qg3 54.
Rf5+ Kg6 55. Rd1 h3 56. Bf1 Qe3 57. Rd6+ Kg7 58. Rd7+ Kg6 59. Rd6+ Kg7 60. Rdf6
Qxe4 61. Rf7+ Kg6 62. R7f6+ Kg7 63. Kh2 hxg2 64. Bxg2 Qe2 65. Re6 Qxb2 66. Rfxe5
Qxc3 67. Rxb5 Qd4 68. Rb7+ Kf8 69. Kg3 c3 70. Rc6 Qd3+ 71. Kxg4 Qd4+ 72. Kf5
Qf2+ 73. Ke5 Qg3+ 74. Kd4 Qf4+ 75. Kxc3 Qe3+ 76. Kb4 Qd4+ 77. Ka5 Qa1+ 78. Kb6
Qd4+ 79. Rc5 Qb2+ 80. Ka7 Qa2+ 81. Kb8 1-0

[Event "49th Biel Master Open"]
[Site "Biel SUI"]
[Date "2016.08.03"]
[Round "9.5"]
[White "Brkic, Ante"]
[Black "Saric, Ivan"]
[Result "1/2-1/2"]
[WhiteTitle "GM"]
[BlackTitle "GM"]
[WhiteElo "2585"]
[BlackElo "2660"]
[WhiteFideId "14506688"]
[BlackFideId "14508150"]
[EventDate "2016.07.25"]

1. e4 e5 2. Nf3 Nc6 3. Bb5 a6 4. Ba4 Nf6 5. O-O b5 6. Bb3 Bb7 7. d3 Be7 8. Re1
O-O 9. a4 d6 10. Nbd2 Nd7 11. c3 Kh8 12. Bc2 g6 13. d4 Bf6 14. d5 Ne7 15. Nb3
Rb8 16. axb5 axb5 17. Na5 Ba8 18. b4 Bg7 19. Be3 h6 20. Nd2 f5 21. f3 Nf6 22.
Bd3 g5 23. Ba7 g4 24. fxg4 fxe4 25. Nxe4 Nexd5 26. Bxb8 Qxb8 27. Nxf6 Rxf6 28.
Nb3 Nxc3 29. Qd2 e4 30. Bc2 Rf8 31. Kh1 Qb6 32. Re3 Qc6 33. h3 Qd5 34. Qe1 Qe5
35. Rxa8 Rxa8 36. Rxc3 Qxc3 37. Qxe4 Ra1+ 38. Nxa1 Qxa1+ 39. Bb1 Kg8 40. Qe6+
Kf8 41. Qc8+ Ke7 42. Qxc7+ Ke6 43. Qc8+ Ke7 44. Qc7+ Ke6 1/2-1/2

[Event "49th Biel Master Open"]
[Site "Biel SUI"]
[Date "2016.08.03"]
[Round "9.6"]
[White "Erdos, Viktor"]
[Black "Meier, Georg"]
[Result "1/2-1/2"]
[WhiteTitle "GM"]
[BlackTitle "GM"]
[WhiteElo "2578"]
[BlackElo "2657"]
[WhiteFideId "719978"]
[BlackFideId "4675789"]
[EventDate "2016.07.25"]

1. e4 c5 2. Nf3 d6 3. Bb5+ Bd7 4. Bxd7+ Nxd7 5. O-O Ngf6 6. Re1 e6 7. c4 Ne5 8.
Nxe5 dxe5 9. d3 Bd6 10. Nd2 O-O 11. a3 Nd7 12. Rb1 Qe7 13. Nf3 a6 14. Bd2 b5 15.
b3 Rfc8 16. Bc3 f6 17. Re2 Nb8 18. cxb5 axb5 19. a4 Qb7 20. Nd2 Nc6 21. axb5
Qxb5 22. Nc4 Bf8 23. Rd2 Ra6 24. Qg4 Nd4 25. h4 Rd8 26. Bxd4 Rxd4 27. Qe2 Ra7
28. h5 Qe8 29. g3 Qd8 30. Rdd1 Rad7 31. Nb2 Rb7 32. Nc4 Rbd7 33. Nb2 Rb7 34. Nc4
Rbd7 1/2-1/2

[Event "49th Biel Master Open"]
[Site "Biel SUI"]
[Date "2016.08.03"]
[Round "9.8"]
[White "Kovchan, Alexander"]
[Black "Edouard, Romain"]
[Result "1/2-1/2"]
[WhiteTitle "GM"]
[BlackTitle "GM"]
[WhiteElo "2576"]
[BlackElo "2639"]
[WhiteFideId "14103052"]
[BlackFideId "633429"]
[EventDate "2016.07.25"]

1. e4 e6 2. d4 d5 3. Nc3 Bb4 4. Ne2 Nc6 5. a3 Ba5 6. b4 Bb6 7. Bb2 Nge7 8. Qd2
O-O 9. Na4 a6 10. Nxb6 cxb6 11. e5 f6 12. exf6 Rxf6 13. Ng3 Ng6 14. h4 Rf7 15.
h5 Nf4 16. Ne2 Nxe2 17. Bxe2 Bd7 18. h6 g6 19. Bg4 Qf6 20. f3 Ne7 21. c4 Nf5 22.
c5 Bb5 23. O-O-O a5 24. Kb1 axb4 25. Qxb4 Bd7 26. Qxb6 Ne3 27. Rc1 Nxg4 28. fxg4
Qf4 29. Rhe1 Re8 30. Re5 Bc6 31. g5 Rf5 32. Qc7 Rf7 33. Qa5 Rf5 34. Rce1 Qxg5
35. Bc1 Qg4 36. Qd2 Rxe5 37. Rxe5 Rf8 38. Re1 Bb5 39. Qe3 Qe4+ 40. Ka1 Qxe3 41.
Bxe3 Rf1 1/2-1/2

[Event "49th Biel Master Open"]
[Site "Biel SUI"]
[Date "2016.08.03"]
[Round "9.9"]
[White "Tabatabaei, M.amin"]
[Black "Khairullin, Ildar"]
[Result "0-1"]
[WhiteTitle "IM"]
[BlackTitle "GM"]
[WhiteElo "2481"]
[BlackElo "2629"]
[WhiteFideId "12521213"]
[BlackFideId "4151348"]
[EventDate "2016.07.25"]

1. e4 e5 2. Nf3 Nc6 3. Bb5 a6 4. Ba4 Nf6 5. O-O Be7 6. Re1 b5 7. Bb3 d6 8. c3
O-O 9. h3 Nb8 10. d4 Nbd7 11. Nbd2 c5 12. Nf1 Re8 13. Ng3 Bf8 14. d5 c4 15. Bc2
Qc7 16. a4 Rb8 17. a5 Nc5 18. Be3 Nfd7 19. Nd2 Nb7 20. Ra3 Ndc5 21. Qa1 Be7 22.
Qa2 Qd8 23. Nf3 g6 24. Ra1 Bd7 25. Qb1 Bf6 26. Qc1 Bg7 27. Qd2 Rf8 28. h4 f5 29.
exf5 gxf5 30. Bg5 Qe8 31. h5 f4 32. h6 Bf6 33. Bxf4 exf4 34. Re1 Be5 0-1

[Event "49th Biel Master Open"]
[Site "Biel SUI"]
[Date "2016.08.03"]
[Round "9.10"]
[White "Aravindh, Chithambaram VR."]
[Black "Jumabayev, Rinat"]
[Result "1-0"]
[WhiteTitle "GM"]
[BlackTitle "GM"]
[WhiteElo "2543"]
[BlackElo "2613"]
[WhiteFideId "5072786"]
[BlackFideId "13702661"]
[EventDate "2016.07.25"]

1. Nf3 Nf6 2. g3 d5 3. Bg2 e6 4. O-O Be7 5. d3 b5 6. Nbd2 Bb7 7. e4 c5 8. Re1
Nc6 9. e5 Nd7 10. h4 Qc7 11. Qe2 a5 12. Nf1 a4 13. c3 a3 14. b3 d4 15. c4 bxc4
16. bxc4 Nb6 17. Ng5 Na4 18. Qh5 Bxg5 19. Qxg5 Nb4 20. Bxb7 Qxb7 21. Qxg7 O-O-O
22. Rb1 Qc6 23. Rb3 Nc3 24. Bd2 Qf3 25. Nh2 Qf5 26. Bxc3 dxc3 27. Rxc3 Rhg8 28.
Qf6 Rxd3 29. Qe7 Rxc3 30. Qxc5+ Kd7 31. Qd4+ Nd5 32. cxd5 Qd3 33. Qa7+ Kd8 34.
Qa5+ Kd7 35. Qa4+ Ke7 36. Qb4+ Kd8 37. Qb6+ Kd7 38. Qa7+ Kd8 39. Qa5+ Kd7 40.
Nf1 Rgc8 41. Qa4+ Ke7 42. d6+ Kf8 43. d7 Rd8 44. Qa5 Rxd7 45. Re3 Rc1 46. Rxd3
Rxd3 47. Kg2 Ra1 48. Qa6 Rc3 49. Qd6+ Kg7 50. Qd2 1-0

[Event "49th Biel Master Open"]
[Site "Biel SUI"]
[Date "2016.08.03"]
[Round "9.11"]
[White "Rodshtein, Maxim"]
[Black "Al-Sayed, Mohammed"]
[Result "1-0"]
[WhiteTitle "GM"]
[BlackTitle "GM"]
[WhiteElo "2698"]
[BlackElo "2524"]
[WhiteFideId "2806851"]
[BlackFideId "12100196"]
[EventDate "2016.07.25"]

1. d4 Nf6 2. c4 g6 3. Nc3 Bg7 4. e4 d6 5. Be2 O-O 6. Nf3 e5 7. Be3 exd4 8. Nxd4
Re8 9. f3 c6 10. Bf2 d5 11. exd5 cxd5 12. c5 Nc6 13. O-O Bf8 14. Bb5 Bd7 15.
Bxc6 bxc6 16. b4 a5 17. a3 axb4 18. axb4 Rxa1 19. Qxa1 Nh5 20. Nce2 Qb8 21. Qa5
Qb7 22. Ra1 Rb8 23. g4 Nf6 24. Bh4 Nxg4 25. fxg4 Qxb4 26. Qxb4 Rxb4 27. Bf6 Rb8
28. Ra5 Bxg4 29. Nxc6 Re8 30. Nf4 h5 31. Nxd5 Re1+ 32. Kf2 Re2+ 33. Kg3 Kh7 34.
Ne5 Rc2 35. Ra8 Bg7 36. Nxg4 hxg4 37. Rc8 1-0

[Event "49th Biel Master Open"]
[Site "Biel SUI"]
[Date "2016.08.03"]
[Round "9.12"]
[White "Balogh, Csaba"]
[Black "Bellaiche, Anthony"]
[Result "1-0"]
[WhiteTitle "GM"]
[BlackTitle "IM"]
[WhiteElo "2635"]
[BlackElo "2499"]
[WhiteFideId "718939"]
[BlackFideId "615668"]
[EventDate "2016.07.25"]

1. e4 c5 2. Nf3 e6 3. d4 cxd4 4. Nxd4 Nc6 5. Nc3 Qc7 6. Be3 a6 7. Qf3 Nf6 8.
O-O-O d6 9. Qg3 Bd7 10. Kb1 b5 11. Bxb5 axb5 12. Ndxb5 Qb8 13. Nxd6+ Bxd6 14.
Qxd6 Qxd6 15. Rxd6 Ne5 16. Bf4 Ng6 17. Bg3 e5 18. f3 Ke7 19. Rd3 Rhc8 20. b3 h5
21. h4 Be6 22. Kb2 Rab8 23. Rhd1 Nf4 24. Bxf4 exf4 25. Rd4 Nd7 26. Ne2 Ne5 27.
Nxf4 Nc4+ 28. Kc1 Ne3 29. R1d2 Rc5 30. R4d3 Nf1 31. Rd1 Ng3 32. Kb2 g5 33. hxg5
Rxg5 34. Rc3 h4 35. Rc7+ Kf6 36. Rc6 Rh8 37. a4 Nh5 38. Nxh5+ Rhxh5 39. Rd2 Ke5
40. b4 Kf4 41. a5 Rb5 42. Ka3 Ke3 43. Rd8 Rbg5 44. a6 Kf2 45. Kb2 Rxg2 46. a7 h3
47. a8=Q h2 48. Rd2+ Ke3 49. Rxg2 h1=Q 50. Rg3 Kf4 51. Qb8+ Re5 52. Rg5 1-0

[Event "49th Biel Master Open"]
[Site "Biel SUI"]
[Date "2016.08.03"]
[Round "9.14"]
[White "Kraemer, Martin"]
[Black "Stany, G.A."]
[Result "1-0"]
[WhiteTitle "GM"]
[BlackTitle "IM"]
[WhiteElo "2567"]
[BlackElo "2476"]
[WhiteFideId "4671910"]
[BlackFideId "5029104"]
[EventDate "2016.07.25"]

1. e4 c5 2. Nf3 e6 3. d4 cxd4 4. Nxd4 Nc6 5. Nc3 Qc7 6. g3 a6 7. Bg2 Nf6 8. O-O
Be7 9. Nb3 d6 10. a4 b6 11. f4 Bb7 12. Be3 Rd8 13. Qe2 Nb4 14. Rad1 e5 15. h3
exf4 16. Bxf4 Nc6 17. g4 Ne5 18. Nd4 O-O 19. g5 Nfd7 20. Nd5 Bxd5 21. exd5 Rfe8
22. Qf2 Bf8 23. Nc6 Rc8 24. b4 b5 25. axb5 axb5 26. Ra1 Rb8 27. Nxb8 Qxb8 28.
Ra7 Be7 29. Be3 f6 30. Qf5 Nf8 31. h4 g6 32. Qf4 f5 33. Rfa1 Bd8 34. c3 Nfd7 35.
Ra8 Qc7 36. Bd4 Qc4 37. Qf1 Qc7 38. Qxb5 Rf8 39. Qa4 Qc4 40. Qa6 Qc7 41. Rc8 1-0

[Event "49th Biel Master Open"]
[Site "Biel SUI"]
[Date "2016.08.03"]
[Round "9.15"]
[White "Liang, Awonder"]
[Black "Baron, Tal"]
[Result "1/2-1/2"]
[WhiteTitle "IM"]
[BlackTitle "GM"]
[WhiteElo "2430"]
[BlackElo "2557"]
[WhiteFideId "2056437"]
[BlackFideId "2809958"]
[EventDate "2016.07.25"]

1. d4 Nf6 2. c4 e6 3. Nc3 Bb4 4. e3 O-O 5. Bd3 c5 6. Nf3 b6 7. O-O Bb7 8. Na4
cxd4 9. a3 Bd6 10. exd4 Nc6 11. Re1 Rc8 12. b4 Ne7 13. Bb2 Ng6 14. Ne5 Bb8 15.
Bc1 Nh4 16. Bf1 d6 17. Ng4 Nd7 18. d5 exd5 19. cxd5 Rxc1 20. Qxc1 Bxd5 21. Rd1
Be6 22. h3 Qe7 23. Re1 Ng6 24. f4 Qd8 1/2-1/2

[Event "49th Biel Master Open"]
[Site "Biel SUI"]
[Date "2016.08.03"]
[Round "9.16"]
[White "Nezad, Husein Aziz"]
[Black "Sethuraman, S.P."]
[Result "0-1"]
[WhiteTitle "IM"]
[BlackTitle "GM"]
[WhiteElo "2419"]
[BlackElo "2656"]
[WhiteFideId "12100293"]
[BlackFideId "5021596"]
[EventDate "2016.07.25"]

1. d4 e6 2. c4 Nf6 3. Nf3 d5 4. Nc3 c6 5. e3 Nbd7 6. Qc2 Bd6 7. Bd3 O-O 8. O-O
dxc4 9. Bxc4 e5 10. Bb3 h6 11. h3 Re8 12. Bd2 e4 13. Nh4 Bb8 14. f3 Qc7 15. f4
Nf8 16. g4 Qe7 17. Be1 Be6 18. Nf5 Bxf5 19. gxf5 Qd7 20. Bh4 Qxf5 21. Qg2 N6h7
22. Kh1 Ng6 23. Rg1 Bd6 24. Bf2 Nf6 25. Raf1 Bf8 26. Kh2 Ne7 27. Bh4 Ned5 28.
Qg3 Rac8 29. Bxf6 Nxf6 30. Qh4 c5 31. dxc5 Red8 32. Qxh6 Rd2+ 33. Kh1 Nh5 0-1

[Event "49th Biel Master Open"]
[Site "Biel SUI"]
[Date "2016.08.03"]
[Round "9.17"]
[White "Galdunts, Sergey"]
[Black "Bartel, Mateusz"]
[Result "0-1"]
[WhiteTitle "GM"]
[BlackTitle "GM"]
[WhiteElo "2415"]
[BlackElo "2649"]
[WhiteFideId "13300067"]
[BlackFideId "1112635"]
[EventDate "2016.07.25"]

1. e4 e5 2. Nf3 Nc6 3. Bb5 a6 4. Ba4 Nf6 5. O-O Be7 6. Re1 b5 7. Bb3 d6 8. c3
O-O 9. h3 Nb8 10. d4 Nbd7 11. Nbd2 c5 12. Nf1 Re8 13. Ng5 c4 14. Bc2 h6 15. Nf3
Bf8 16. Ng3 Bb7 17. d5 g6 18. Be3 Qc7 19. Qd2 h5 20. Ng5 Nc5 21. Rf1 h4 22. Nh1
Bh6 23. Rae1 Qe7 24. g3 Nh5 25. Nxf7 Bxe3 26. fxe3 Rf8 27. Nh6+ Kg7 28. Ng4 hxg3
29. b4 Nd7 30. a4 Qh4 31. Qg2 Rxf1+ 32. Rxf1 Rf8 33. axb5 axb5 34. Bd1 Rxf1+ 35.
Kxf1 Bc8 36. Kg1 Nf8 37. Qa2 Qxh3 38. Qa7+ Bd7 39. Qc7 Nf6 0-1

[Event "49th Biel Master Open"]
[Site "Biel SUI"]
[Date "2016.08.03"]
[Round "9.18"]
[White "Perske, Thore"]
[Black "Shyam, Sundar M."]
[Result "1/2-1/2"]
[WhiteTitle "FM"]
[BlackTitle "GM"]
[WhiteElo "2383"]
[BlackElo "2526"]
[WhiteFideId "12902195"]
[BlackFideId "5019141"]
[EventDate "2016.07.25"]

1. e4 c5 2. Nf3 d6 3. Bb5+ Nd7 4. O-O a6 5. Bd3 Ngf6 6. Re1 e5 7. a4 Be7 8. Nc3
Nb8 9. h3 Nc6 10. Bc4 O-O 11. Nd5 Nxd5 12. Bxd5 Be6 13. Bxe6 fxe6 14. c3 Qb6 15.
d3 Rf7 16. Rb1 Raf8 17. b4 cxb4 18. Be3 Qd8 19. cxb4 b5 20. axb5 axb5 21. d4
exd4 22. Nxd4 Nxd4 23. Qxd4 Qd7 24. Red1 Rc8 25. Rbc1 Rff8 26. Qd3 Qb7 27. Rxc8
Rxc8 28. Ra1 Bf8 29. Ra7 Qc6 30. Qe2 Re8 31. Bg5 h6 32. Qh5 hxg5 33. Qf7+ Kh8
34. Rc7 Qa8 35. Qh5+ 1/2-1/2

[Event "49th Biel Master Open"]
[Site "Biel SUI"]
[Date "2016.08.03"]
[Round "9.19"]
[White "Mroziak, Maciej"]
[Black "Karthikeyan, Murali"]
[Result "0-1"]
[BlackTitle "GM"]
[WhiteElo "2306"]
[BlackElo "2513"]
[WhiteFideId "1139665"]
[BlackFideId "5074452"]
[EventDate "2016.07.25"]

1. e4 c5 2. c3 Nf6 3. e5 Nd5 4. d4 cxd4 5. Nf3 Nc6 6. cxd4 d6 7. Bc4 Nb6 8. Bb5
Bd7 9. exd6 e6 10. Nc3 Bxd6 11. O-O Nb4 12. Bg5 f6 13. Bh4 O-O 14. Re1 Rc8 15.
Qb3 Re8 16. Bg3 Bf8 17. Bf1 a5 18. a3 a4 19. Qd1 N4d5 20. Nb5 Ra8 21. Rc1 Bc6
22. Bd3 Qd7 23. Nc3 Nxc3 24. Rxc3 Rac8 25. Bb1 Bd5 26. Rxc8 Rxc8 27. Qd3 g6 28.
Nd2 Nc4 29. Nxc4 Bxc4 30. Qc3 Bb3 31. Qe3 Rd8 32. Be4 Qxd4 33. Qxd4 Rxd4 34.
Bxb7 Rd2 35. Rb1 Ba2 36. Bf4 Rc2 37. Rc1 Rxb2 38. Be4 Bd5 39. Bc2 Bb3 40. Bd3 e5
41. Be3 Bxa3 42. Rc8+ Kf7 43. Rc7+ Ke6 44. Rc6+ Ke7 45. Rc7+ Kd6 46. Ra7 Bb4 47.
Ra6+ Kd5 48. f3 f5 49. Bb5 a3 50. Bc6+ Kc4 0-1

[Event "49th Biel Master Open"]
[Site "Biel SUI"]
[Date "2016.08.03"]
[Round "9.20"]
[White "Vernay, Clovis"]
[Black "Siva, Mahadevan"]
[Result "0-1"]
[WhiteTitle "IM"]
[BlackTitle "IM"]
[WhiteElo "2507"]
[BlackElo "2352"]
[WhiteFideId "633046"]
[BlackFideId "25043153"]
[EventDate "2016.07.25"]

1. d4 Nf6 2. c4 e6 3. Nc3 Bb4 4. Bd2 d5 5. e3 O-O 6. Nf3 c5 7. dxc5 Bxc5 8. a3
a6 9. cxd5 exd5 10. Qc2 Ba7 11. Be2 Nc6 12. O-O Bg4 13. Rfd1 Re8 14. Be1 Qd7 15.
h3 Bf5 16. Bd3 Bxh3 17. Ng5 Bg4 18. Bxh7+ Kh8 19. e4 Bxd1 20. Qxd1 g6 21. Nxd5
Nxd5 22. Bc3+ Ne5 23. Qf3 Kg7 24. Rd1 f6 25. Qg3 Qg4 26. Qxg4 Nxg4 27. Rxd5 Kh6
28. Nf7+ Kxh7 29. Rd7 Kg8 30. Kf1 Rf8 31. Ng5 Ne5 0-1

[Event "49th Biel Master Open"]
[Site "Biel SUI"]
[Date "2016.08.03"]
[Round "9.21"]
[White "Horvath, Adam1"]
[Black "Poliakov, Artem"]
[Result "1-0"]
[WhiteTitle "GM"]
[WhiteElo "2498"]
[BlackElo "2052"]
[WhiteFideId "708003"]
[BlackFideId "24198536"]
[EventDate "2016.07.25"]

1. e4 d6 2. d4 Nf6 3. Nc3 g6 4. Be3 c6 5. Qd2 b5 6. f3 Nbd7 7. d5 cxd5 8. Bxb5
dxe4 9. Bc6 Rb8 10. Bxa7 Rxb2 11. Nb5 Bb7 12. Bxb7 Rxb5 13. Bc6 Rh5 14. g4 Bh6
15. Qb4 Re5 16. Bd4 Re6 17. f4 Bxf4 18. Bxd7+ Qxd7 19. g5 O-O 20. gxf6 exf6 21.
Ne2 Be5 22. a4 d5 23. a5 Rb8 24. Qd2 Ra6 25. O-O Qg4+ 26. Kh1 Re6 27. Nf4 e3 28.
Qxe3 Rbe8 29. Bxe5 Rxe5 30. Qf3 Qd7 31. a6 Ra8 32. Qb3 Ra7 33. Nd3 Re2 34. Nf4
Re5 35. Qb6 Kg7 36. Rab1 d4 37. Rb3 f5 38. Rg3 Kf8 39. Rb3 g5 40. Qh6+ 1-0

[Event "49th Biel Master Open"]
[Site "Biel SUI"]
[Date "2016.08.03"]
[Round "9.22"]
[White "Riff, Jean-Noel"]
[Black "Baenziger, Fabian"]
[Result "1-0"]
[WhiteTitle "GM"]
[BlackTitle "FM"]
[WhiteElo "2494"]
[BlackElo "2318"]
[WhiteFideId "611190"]
[BlackFideId "1330110"]
[EventDate "2016.07.25"]

1. e4 Nf6 2. e5 Nd5 3. d4 d6 4. c4 Nb6 5. exd6 cxd6 6. Nc3 g6 7. Nf3 Bg7 8. h3
O-O 9. Be2 Nc6 10. O-O Bf5 11. Bg5 h6 12. Be3 d5 13. c5 Nc4 14. Bc1 b6 15. b3
N4a5 16. cxb6 axb6 17. Be3 Be4 18. Nh2 f5 19. f3 f4 20. Bf2 Bf5 21. Rc1 Kh7 22.
Re1 Qd6 23. Nb5 Qd7 24. Qd2 Rac8 25. Bf1 h5 26. Qxf4 Bh6 27. Qh4 Bxc1 28. Rxc1
Kg7 29. Re1 Rh8 30. Qg5 Kf7 31. g4 Be6 32. Bd3 Rhg8 33. Bg3 Nb4 34. Qf4+ Ke8 35.
Bf1 Nc2 36. Rc1 Nb4 37. Rc7 Rxc7 38. Nxc7+ Kd8 39. Bb5 Nac6 40. a3 Nc2 41. Nxe6+
Qxe6 42. Qc7+ Ke8 43. Qxc6+ Kf7 44. Qxc2 Rc8 45. Qd2 1-0

[Event "49th Biel Master Open"]
[Site "Biel SUI"]
[Date "2016.08.03"]
[Round "9.23"]
[White "Colmenares, Aurelio"]
[Black "Swayams, Mishra"]
[Result "0-1"]
[WhiteTitle "FM"]
[BlackTitle "IM"]
[WhiteElo "2350"]
[BlackElo "2457"]
[WhiteFideId "1308629"]
[BlackFideId "5028183"]
[EventDate "2016.07.25"]

1. e4 e6 2. d4 d5 3. Nc3 Nf6 4. e5 Nfd7 5. f4 c5 6. Nf3 Nc6 7. Be3 Be7 8. Qd2 b6
9. Nd1 cxd4 10. Nxd4 Nxd4 11. Bxd4 O-O 12. Be2 Nb8 13. O-O Nc6 14. Bf2 f6 15.
exf6 Bxf6 16. Bf3 Qd6 17. c4 Ba6 18. Rc1 Qb4 19. Nc3 Bxc4 20. Rfe1 Bxa2 21. Qe2
Nd4 22. Bxd4 Bxd4+ 23. Kh1 Bxc3 24. bxc3 Qc4 25. Qxe6+ Kh8 26. g3 Rad8 27. Qe7
a5 28. Qb7 d4 29. cxd4 Qxd4 30. Red1 Qb2 31. Rxd8 Rxd8 32. Re1 Qf2 33. Rc1 a4
34. Bg2 Qb2 35. Re1 Bg8 36. h4 Qf2 37. Rc1 Qxg3 0-1